Statistiques concernant Effectif des Girondins de Bordeaux 2022-2023

Cliquez ici pour prendre le quiz!

Statistiques générales

  • Ce quiz a été pris 229 fois
  • Le résultat moyen est 18 sur 27

Statistiques - réponses

PosteNationalitéRéponse% Correct
Gardien de butFranceGaëtan Poussin
98%
DéfenseurNorvègeStian Gregersen
94%
DéfenseurFranceYoann Barbet
93%
AttaquantNigeriaJosh Maja
91%
Milieu de terrainUkraineDanylo Ignatenko
90%
DéfenseurRépublique démocratique du CongoVital N'simba
90%
AttaquantRoumanieAlexi Pitu
88%
AttaquantGéorgieZuriko Davitashvili
88%
AttaquantSénégalAliou Badji
87%
AttaquantFranceDilane Bakwa
86%
DéfenseurFranceJunior Mwanga
85%
Milieu de terrainBrésilFransérgio
83%
DéfenseurFranceMalcom Bokele
83%
DéfenseurFranceClément Michelin
79%
Milieu de terrainFranceTom Lacoux
75%
DéfenseurGabonJacques Ekomié
71%
Gardien de butPologneRafal Straczek
69%
AttaquantFranceMarvin De Lima
54%
Milieu de terrainFranceIssouf Sissokho
52%
Milieu de terrainFranceLogan Delaurier-Chaubet
51%
DéfenseurFranceJohaneko Louis-Jean
40%
Milieu de terrainFranceLenny Pirringuel
40%
Milieu de terrainFranceEmeric Depussay
33%
Gardien de butFranceGrégoire Swiderski
29%
AttaquantFranceJulien Vetro
27%
AttaquantFranceLucas Rocrou
19%
DéfenseurFranceTijany Atallah
12%

Distribution des résultats

Percentile par nombre de réponses

% des personnes avec chaque résultat

Votre développement - résultats

Vous n’avez pas pris ce quiz